Edició crítica dels manuscrits catalans inèdits de l'orde de Sant Joan de Jerusalem : (segles XIV-XV) / per Ricardo Cierbide (segles XIV-XV) / per Ricardo Cierbide
ISBN:
84-7935-953-6
Descripción Física:
491 p. : il. ; 24 cm
Colección:
Textos i documents ; 34
Otros Autores:
Fundació Noguera
MARC
| LEADER | 00000nam a2200000Ia 4500 | ||
|---|---|---|---|
| 001 | 14710 | ||
| 008 | 160829s2002 xx 000 0 cat d | ||
| 020 | |a 84-7935-953-6 | ||
| 080 | |a A-2-165 | ||
| 100 | |a Cierbide Martinena, Ricardo |9 22778 | ||
| 245 | |a Edició crítica dels manuscrits catalans inèdits de l'orde de Sant Joan de Jerusalem : |b (segles XIV-XV) / per Ricardo Cierbide | ||
| 260 | |a Barcelona : |b Fundació Noguera ; Lleida : |b Pagès, |c 2002 | ||
| 300 | |a 491 p. : |b il. ; |c 24 cm | ||
| 490 | |a Textos i documents ; 34 | ||
| 590 | |a Notes, referències bibliogràfiques. | ||
| 590 | |a Bibliografia. | ||
| 590 | |a Glossari | ||
| 650 | |a Hospitalers |x Catalunya |x Història |9 22779 | ||
| 650 | |a Manuscrits catalans (Català antic) |9 22780 | ||
| 700 | |a Fundació Noguera |9 70407 | ||
| 901 | |a Arxiu | ||
| 942 | |n 1 | ||
| 952 | |0 0 |1 0 |4 0 |6 A2165 |7 1 |9 42327 |a Arxiu |b Arxiu |d 2016-12-01 |l 0 |o A-2-165 |p 14710 |r 2016-12-01 00:00:00 |w 2016-12-01 |y ARXIU | ||
| 999 | |c 44805 |d 44805 | ||